000 01029nam a2200301 a 4500
001 000112923
003 CHAP
005 20220329144328.0
008 170216s2016 mx sm |||||||spa d
010 _a109384
011 _a110356
040 _cCHAP
090 _aTesis
100 1 _aCruz Escobar, Agustín
_9131517
245 1 0 _aCálculo elemental:
_h[En línea]
_bun enfoque estadístico /
_cpor Agustín Cruz Escobar.
260 _aChapingo, Méx. :
_bEl autor,
_c2016.
500 _aPara ver el contenido del material haga clic en la liga
502 _aTesis (Lic. en Estadística) -- UACH. Departamento de Estadística, Matemáticas y Cómputo
590 _aE11695DGD
_b10
_c20170217
_lUCH01
_h0955
590 _aE5765TAJ
_b05
_c20170216
_lUCH01
_h1319
590 _aE5765TAJ
_b05
_c20170216
_lUCH01
_h1320
650 1 4 _aCálculo.
_923990
650 1 4 _aEstadística matemática.
_938261
856 _aFinding aid
_uhttp://10.13.5.2/tesis/sist112923.pdf
_zTeclea aquí
901 _aBK
942 _cTESIS
942 _n0
999 _c109384
_d109384